| 000 | 00647cam a22002293a 4500 | ||
|---|---|---|---|
| 001 | 13661 | ||
| 003 | PGUSA | ||
| 005 | 20140828083307.0 | ||
| 008 | 041006s2004||||xxu|||||s|||||000 | eng d | ||
| 040 |
_aPGUSA _beng |
||
| 042 | _adc | ||
| 050 | 4 | _aPT | |
| 100 | 1 | _aMüller, Florian | |
| 245 | 1 | 0 |
_aDer Bankerott : _bEine gesellschaftliche Tragödie in fünf Akten _h[electronic resource] / _cFlorian Müller |
| 260 |
_bProject Gutenberg, _c2004 |
||
| 506 | _aPublic domain in the USA. | ||
| 516 | _aElectronic text | ||
| 653 | _aDrama | ||
| 830 | 0 |
_aProject Gutenberg _v13661 |
|
| 856 | 4 | 0 | _uhttp://www.gutenberg.org/ebooks/13661 |
| 942 | _cEB | ||
| 999 |
_c242916 _d242916 |
||